| 000 | 01240nam a2200229Ia 4500 | ||
|---|---|---|---|
| 999 |
_c36820 _d36820 |
||
| 001 | 2763 | ||
| 003 | GE_BSU | ||
| 005 | 20190606211352.0 | ||
| 008 | 181216s2012||||ge |||||||||||||| ||geo|| | ||
| 020 | _a9789941412561 | ||
| 040 | _cGE_BSU | ||
| 080 | _a624.12/13(075.8)+624.15(075.8) ქ–56 | ||
| 100 |
_aქიქავა, თეიმურაზ _92252 |
||
| 245 |
_aგრუნტების მექანიკა და ფუძე-საძირკვლები : _bსახელმძღვანელო / _cთეიმურაზ ქიქავა ; რედ. გ. ფარცხალაძე ; შოთა რუსთაველის სახელმწ. უნ-ტი. |
||
| 264 |
_aბათუმი : _bშოთა რუსთაველის სახელმწ. უნ-ტის გამ-ბა, _c2012. |
||
| 300 |
_a320 გვ.: _bცხრ., ნახ. , _c20 სმ. |
||
| 653 | _aგრუნტების მექანიკა | ||
| 653 | _aფუძე-საძირკვლები | ||
| 700 |
_aფარცხალაძე, გ. _eრედაქტორი _92253 |
||
| 710 |
_aბათუმის სახელმწ. უნ-ტი _92254 |
||
| 942 |
_cBK _2udc |
||